Lugares sagrados de América: un viaje inolvidable al corazón del nuevo mundo
Bewaard in:
| Hoofdauteur: | |
|---|---|
| Formaat: | Boek |
| Taal: | Spaans |
| Gepubliceerd in: |
Barcelona
Océano
2009
|
| Onderwerpen: | |
| Tags: |
Voeg label toe
Geen labels, Wees de eerste die dit record labelt!
|
MARC
| LEADER | 00000nam a2200000 a 4500 | ||
|---|---|---|---|
| 001 | UCG3004 | ||
| 003 | CL-VaPUC | ||
| 008 | 100805e20090000SP |||||||||||||||||spa|d | ||
| 020 | |a 9788475566603 | ||
| 082 | 0 | 4 | |a 290 |b TAF |2 21 |
| 100 | 0 | |a Tafur, Juan |e author |9 551737 | |
| 245 | 1 | 0 | |a Lugares sagrados de América: un viaje inolvidable al corazón del nuevo mundo |
| 300 | |a 215 p | ||
| 942 | |c BK | ||
| 945 | |d 20100805 00:00:00 |a mfarfan | ||
| 260 | |a Barcelona |b Océano |c 2009 | ||
| 650 | 7 | |a LUGARES SAGRADOS |2 CL-VaPUC |9 403254 | |
| 651 | 0 | |a América |9 255182 | |
| 583 | |a last modification |c 20100805 00:00:00 |k Rodrigo Vera | ||
| 999 | |c 342104 |d 342102 | ||
| 952 | |0 0 |1 0 |4 0 |6 290_000000000000000_TAF_2009 |7 0 |8 C |9 438069 |a BIBCUR |b BIBCUR |d 2019-11-22 |i 4694546 |o 290 TAF 2009 |p 4694546 |r 2025-04-22 |w 2019-11-22 |y BK |k EXP | ||